000 00318nam a22001337a 4500
999 _c55048
_d55048
008 200205b ||||| |||| 00| 0 eng d
041 _aeng
080 _2043.3
_a043.3
082 _a043.3
100 _a50
101 _aPSI
245 _aNeurophysiological Concepts in Human Behavior
_cHeiniger,M.C
942 _2udc
_cBK